000 00811nam a2200193 4500
001 130080
003 ES-MaACL
005 20230906193633.0
007 t|
008 180707s1972 sp a |||| | spa d
080 _a061.62(464.1 M.)Patr. José M. Quadrado
080 _a061.236.3(46)(04)
110 2 _aPatronato José María Quadrado.
_bPleno (
_d1971.
_cSan Sebastián)
_96184
245 1 4 _aLas Reales Sociedades Económicas de Amigos del País y su obra
_b: comunicaciones presentadas en el Pleno de la Asamblea celebrado en San Sebastián los días 9 al 11 de diciembre de 1971.
260 _aSan Sebastián :
_bPatronato José María Quadrado,
_c1972.
300 _a480 p :
_bgrab. ;
_c24 cm.
650 1 4 _aSociedades económicas de amigos del país-
_zEspaña.
_9147802
852 _aES-MaACL
_jC-49243
999 _c130080
_d130080